000 00574nmm a2200169Ia 4500
008 251105s9999||||xx |||||||||||||||||und||
020 _a9789502332529
041 _aspa
100 _aFalcón, Paulo
245 0 _aLa universidad, sus carreras y titulaciones :
_b Evolución, presente y desafíos del sistema de títulos universitarios en la Argentina
264 _a[Buenos Aires, Argentina] :
_bEudeba,
_c2021
300 _a312 páginas
490 _aTemas - Educación
650 _aEducation
856 _uhttps://public.digitaliapublishing.com/a/128423
942 _cCF
999 _c93334
_d93334